Flagi państw w Minecrafcie - Statystyki

Ogólne statystyki
  • Ten quiz został rozwiązany 474 razy
  • Średni wynik to 17 z 20
Statystyki odpowiedzi
Obrazkowy Odpowiedź % Poprawnych
Grecja
99%
Stany Zjednoczone
99%
Chiny
98%
Czechy
97%
Chile
96%
Korea Południowa
96%
Niemcy
96%
Bośnia i Hercegowina
95%
Norwegia
95%
Kanada
93%
Egipt
92%
Australia
91%
Algieria
88%
Wietnam
87%
Kostaryka
82%
Madagaskar
81%
Mikronezja
69%
Czarnogóra
61%
Surinam
60%
Wyspy Salomona
43%
Nie znaleziono quizów pasujących do podanych kryteriów
Rozkład punktacji
Procent ludzi z każdym wynikiem
Percentyl według liczby udzielonych odpowiedzi
Twoja historia wyników
Nie rozwiązałeś tego quizu